000 00673nam a2200193Ia 4500
003 GCL
008 140319s9999 xx 000 0 ara d
040 _aGCL /
_cGCL
082 0 4 _aد
_b050
_bم ح
100 1 _aاحمد فخرى
245 1 0 _aملخص شامل لاهم واحدث الكتب العربية والاجنبية ( حصاد الفكر يناير 2006 العدد 168 ) /
_cاحمد فخرى
260 _aالقاهرة :
_bمركز الاعلام العربى
300 _a537 ص
490 _a
650 0 4 _aالدفاع عن الاسلام
650 0 4 _aالسيرة النبوية
650 0 4 _aالاسلام - دفع مطاعن
942 _2ddc
_cCR
999 _c38502
_d38502